00690nam a22002297a 450000500170000001000470001702000260006403500170009003500140010703500140012103500130013503700130014803700130016108200160017410000140019024500620020425000110026626000310027727000690030830000330037750000500041020230113143749.0 a1617EN ENG-113737 ENG-135995 a9788120351301c295.00 aB-653627-636 aEN- 97269 aEN-119527 aB-665169 bABCadpl bDBAD/PUB a332.6320954 aKevin, S. aSecurity analysis and portfolio management /cby S. Kevin a2nd ed aDelhibPHI Learning c2015 aRimjhim House, 111, Patparganj Industrial Estate,bDelhie110092 axiv,344p. :c25cm(pbk)bill. aIncludes bibliographical references and index